| 000 | 01061nam a22003137a 4500 | ||
|---|---|---|---|
| 001 | 5609 | ||
| 003 | FISKH | ||
| 005 | 20241220104104.0 | ||
| 008 | 241220b cb ||||| |||| 00| 0 eng d | ||
| 020 | _a9780545484367 | ||
| 040 |
_aFISKH _beng _cFISKH _dFISKH |
||
| 050 | _aE444.T82 | ||
| 082 | _a306.362092 | ||
| 100 | _aNorwich, Grace | ||
| 245 |
_aHarriet Tubman / _cBy Grace Norwich : Illustrated by Ute Simon |
||
| 250 | _aFirst printing, January 2013 | ||
| 260 |
_aNew York : _bScholastic ; _c2013 . |
||
| 300 |
_a127 pages : _billustrations ; _c20 cm . |
||
| 490 |
_aI am _vBook 6 |
||
| 505 | _aZ | ||
| 520 | _aAn introduction to the life of the civil rights heroine and suffrage activist describes how she repeatedly risked her life to save dozens of slaves and became an equal rights icon in post-Civil War. | ||
| 521 | 8 |
_a1060
_bLexile |
|
| 521 | 8 |
_aZ
_bRaz-Plus |
|
| 650 |
_acivil rights _vNon-fiction |
||
| 650 |
_aslavery _vNon-fiction |
||
| 700 |
_aSimon, Ute _eillustrator |
||
| 942 |
_2ddc _cBK _n0 |
||
| 999 |
_c5609 _d5609 |
||